Lessons in danger: School safety and security

Saved in:
Bibliographic Details
Corporate Authors: Organisation for Economic Co-Operation and Development (Author), OECD (Author)
Format: Book
Language:English
Published: París OECD 2005
Subjects:
Tags: Add Tag
No Tags, Be the first to tag this record!

MARC

LEADER 00000nam a2200000 a 4500
001 UCH2859
003 CL-VaPUC
008 090702e20050000FR |||||||||||||||||eng|d
020 |a 9264017399 
082 0 4 |a 371.93  |b ORG  |2 21 
110 2 |a Organisation for Economic Co-Operation and Development  |e author  |9 537915 
710 2 |a OECD  |e author  |9 537916 
245 1 0 |a Lessons in danger: School safety and security 
300 |a 168 p 
942 |c BK 
945 |d 20090702 00:00:00  |a rbrito 
260 |a París  |b OECD  |c 2005 
650 7 |a NIÑOS SOCIALMENTE DESFAVORECIDOS  |2 CL-VaPUC  |9 323883 
650 0 |a Resiliencia  |9 484834 
650 7 |a DESFAVORECIDOS SOCIALES  |2 CL-VaPUC  |9 321791 
583 |a last modification  |c 20090702 00:00:00  |k Rodrigo Vera 
999 |c 334530  |d 334528 
952 |0 0  |1 0  |4 0  |6 371_930000000000000_ORG_2005  |7 0  |8 A  |9 423623  |a BIBGIM  |b BIBGIM  |d 2019-11-22  |i 4569490  |o 371.93 ORG 2005  |p 4569490  |r 2025-01-15  |w 2019-11-22  |y BK  |k GIM